| 000 | 00484 a2200205 4500 | ||
|---|---|---|---|
| 260 | _aParis | ||
| 100 | _aBERNARD,Yves | ||
| 700 | 1 | _aCOLLI,Jean-Claude. | |
| 260 | _bEditions du Seuil | ||
| 245 | _aDictionnaire économique et financier. | ||
| 300 | _a1346p. | ||
| 650 | _aOUVRAGE DE REFERENCE | ||
| 650 | _aECONOMIE | ||
| 260 | _c1975 | ||
| 130 | _lFr. | ||
| 250 | _a4ème éd. mise à jour et augmentée | ||
| 690 | _aECONOMIE. | ||
| 020 | _a2-02-005936-3 | ||
| 999 |
_c24421 _d24421 |
||